| 000 -CABECERA |
| campo de control de longitud fija |
01130cam a2200253 i 4500 |
| 001 - NÚMERO DE CONTROL |
| campo de control |
348598 |
| 003 - IDENTIFICADOR DEL NÚMERO DE CONTROL |
| campo de control |
OSt |
| 005 - FECHA Y HORA DE LA ÚLTIMA TRANSACCIÓN |
| campo de control |
20210414165959.0 |
| 008 - DATOS DE LONGITUD FIJA--INFORMACIÓN GENERAL |
| campo de control de longitud fija |
760212s1975 nyua b 000 0 eng |
| 040 ## - FUENTE DE LA CATALOGACIÓN |
| Centro catalogador/agencia de origen |
CENDOC CAAAP |
| Lengua de catalogación |
spa |
| Centro/agencia transcriptor |
CAAAP |
| 050 ## - SIGNATURA TOPOGRÁFICA DE LA BIBLIOTECA DEL CONGRESO |
| Número de clasificación |
FP |
| Número de documento/Ítem |
82.C1 W38 |
| 100 1# - ENTRADA PRINCIPAL--NOMBRE DE PERSONA |
| Nombre de persona |
Weiss, Gerald |
| Fechas asociadas al nombre |
1932- |
| 9 (RLIN) |
2139 |
| 245 10 - MENCIÓN DE TÍTULO |
| Título |
Campa cosmology : |
| Resto del título |
the world of a forest tribe in South America / |
| Mención de responsabilidad, etc. |
Gerald Weiss. |
| 260 ## - PUBLICACIÓN, DISTRIBUCIÓN, ETC. |
| Lugar de publicación, distribución, etc. |
New York : |
| Nombre del editor, distribuidor, etc. |
American Museum of Natural History, |
| Fecha de publicación, distribución, etc. |
1975. |
| 300 ## - DESCRIPCIÓN FÍSICA |
| Extensión |
p. 219-588 : |
| Otras características físicas |
il. ; |
| Dimensiones |
26 cm. |
| 490 1# - MENCIÓN DE SERIE |
| Mención de serie |
Anthropological papers of the American Museum of Natural History ; v. 52, pt. 5 |
| Número Internacional Normalizado para Publicaciones Seriadas |
0065-9452 |
| 504 ## - NOTA DE BIBLIOGRAFÍA, ETC. |
| Nota de bibliografía, etc. |
Bibliografía: p. 571-588. |
| 505 ## - NOTA DE CONTENIDO CON FORMATO |
| Nota de contenido con formato |
Introduction -- Campa cosmography -- Campa cosmology : the earth -- Campa cosmogony: the sky -- Campa cosmogony: mankind -- Campa cosmology: man's place in the cosmos -- Campa cosmology: interpretation. |
| 650 #0 - PUNTO DE ACCESO ADICIONAL DE MATERIA--TÉRMINO DE MATERIA |
| Término de materia o nombre geográfico como elemento de entrada |
Indígenas asháninka |
| 9 (RLIN) |
1972 |
| Subdivisión general |
Religión |
| 650 #0 - PUNTO DE ACCESO ADICIONAL DE MATERIA--TÉRMINO DE MATERIA |
| Término de materia o nombre geográfico como elemento de entrada |
Indígenas asháninka |
| 9 (RLIN) |
1973 |
| Subdivisión general |
Mitología |
| 650 #0 - PUNTO DE ACCESO ADICIONAL DE MATERIA--TÉRMINO DE MATERIA |
| Término de materia o nombre geográfico como elemento de entrada |
Cosmología |
| 9 (RLIN) |
2142 |
| 830 #0 - PUNTO DE ACCESO ADICIONAL DE SERIE-TÍTULO UNIFORME |
| Título uniforme |
Anthropological papers of the American Museum of Natural History ; |
| Designación de volumen o secuencia |
v. 52, pt. 5. |
| 942 ## - ELEMENTOS DE PUNTO DE ACCESO ADICIONAL (KOHA) |
| Fuente del sistema de clasificación o colocación |
|
| Tipo de ítem Koha |
Libros |